عرض عادي عرض مارك
  • Goodman, David J.,

مدخل إسم شخص

عدد التسجيلات المستخدمة في: 2

001 - رقم الضبط

  • حقل الضبط: 34306

003 - معرف رقم الضبط

  • حقل الضبط: OSt

005 - تاريخ ووقت أخر عملية

  • حقل الضبط: 20130314092311.0

008 - عناصر بيانات ثابتة الطول

  • حقل تحكم ثابت الطول: 130314|||a|||||| | ||| d

040 ## - مصدر الفهرسة

  • هيئة الفهرسة الأصلية: OSt
  • وكالة الكتابة: OSt

100 ## - مدخل -- أسم شخص

  • إسم شخص: Goodman, David J.,
  • تواريخ مرتبطة بالاسم: 1939-

670 ## - بيانات المصدر موجوده

  • الاستشهاد بالمصدر: Work cat.: (OSt)0: Yates, Roy D. 34305, Probability and stochastic processes :, c2005.